Lecturas, libros y bibliotecas para niños / (Registro nro. 11343)

Detalles MARC
000 -LIDER
fixed length control field 01263cam a22003973a 4500
001 - NÚMERO DE CONTROL
Identificador de número de control 0000664
003 - IDENTIFICACDOR DE NÚMERO DE CONTROL
control field DO-SdBNP
005 - DATE AND TIME OF LATEST TRANSACTION
control field 20180223093346.0
007 - CAMPOS FIJOS DE DESCRIPCIÓN FÍSICA
fixed length control field 0000664
008 - ELEMENTOS DE LONGITUD FIJA
fixed length control field 861112 1997 sp 000 0 spa d
010 ## - NUMERO DE CONTROL DE BIBLIOTECA DEL CONGRESO
LC control number
020 ## - ISBN
International Standard Book Number 848938407X
040 ## - FUENTE DE CATALOGACIÓN
Agencia que crea de manera original el registro BPMSU
Agencia que realiza la transcripción spa
Agencia que realiza la modificación BPMSU
--
245 00 - MENCIÓN DE TITULO
Título Lecturas, libros y bibliotecas para niños /
Mención de responsabilidad bajo la dirección de Claude-Anne Parmegiani ; colaboradores Geneviève Bordet...[et al] ; traducción Mauro Armiño
260 ## - PUBLICACIÓN, DISTRIBUCIÓN, ETC. (PIE DE IMPRENTA)
Lugar de publicación, distribución, etc Madrid:
Nombre del editor, distribuidor, etc. Fundacion Germán Sánchez Ruipérez,
Fecha de publicación, distribución, etc 1993.
300 ## - DESCRIPCIÓN FÍSICA
Extensión 238 p. :
Dimensiones 23 cm.
490 0# - MENCIÓN DE SERIES
Mención de serie El árbol de la memoria
500 ## - NOTA GENERAL
Nota general
504 ## - NOTA DE BIBLIOGRAFÍA, ETC.
Bibliography, etc Bibliografia p: 229-238
600 00 - ENCABEZAMIENTO DE MATERIA--NOMBRE PERSONAL
Nombre personal
Subdivisión temática general
700 12 - ASIENTO SECUNDARIO -- NOMBRE PERSONAL
Nombre personal Parmegiani, Claude-Anne
Mención de responsabilidad dir.
700 12 - ASIENTO SECUNDARIO -- NOMBRE PERSONAL
Nombre personal Armiño, Mauro
Mención de responsabilidad trad.
700 12 - ASIENTO SECUNDARIO -- NOMBRE PERSONAL
Nombre personal Bordet, Geneviève
Mención de responsabilidad col.
700 12 - ASIENTO SECUNDARIO -- NOMBRE PERSONAL
Nombre personal Diament, Nic
Mención de responsabilidad col.
700 12 - ASIENTO SECUNDARIO -- NOMBRE PERSONAL
Nombre personal Eisenegger, Aline
Mención de responsabilidad col.
700 12 - ASIENTO SECUNDARIO -- NOMBRE PERSONAL
Nombre personal Ezratry, Viviane
Mención de responsabilidad col.
700 12 - ASIENTO SECUNDARIO -- NOMBRE PERSONAL
Nombre personal Fraisse, Emmanuel
Mención de responsabilidad col.
700 12 - ASIENTO SECUNDARIO -- NOMBRE PERSONAL
Nombre personal Gardaz-de Linden, Élisabeth
Mención de responsabilidad col.
700 12 - ASIENTO SECUNDARIO -- NOMBRE PERSONAL
Nombre personal Georges, Chantal
Mención de responsabilidad col.
700 12 - ASIENTO SECUNDARIO -- NOMBRE PERSONAL
Nombre personal Guérin, Claudie
Mención de responsabilidad col.
700 12 - ASIENTO SECUNDARIO -- NOMBRE PERSONAL
Nombre personal Jan, Isabelle
Mención de responsabilidad col.
830 #0 - ASIENTO SECUNDARIO DE SERIE--TÍTULO UNIFORME
Título uniforme El árbol de la memoria
942 ## - ADDED ENTRY ELEMENTS (KOHA)
Source of classification or shelving scheme Dewey Decimal Classification
Koha item type Libros
945 ## - INFORMACIÓN DE PROCESAMIENTO LOCAL
Información de procesamiento local Inventariado, 2018/ YL
956 ## - LOCAL ELECTRONIC LOCATION AND ACCESS (OCLC)
Nombre de host YLOCKWARD
Número de acceso 10
Información de compresión BPMSU
Existencias
Withdrawn status Lost status Source of classification or shelving scheme Damaged status Not for loan Collection code Home library Current library Date acquired Source of acquisition Total Checkouts Barcode Date last seen Price effective from Koha item type
    Dewey Decimal Classification     Colección General Biblioteca Pública Metropolitana Salomé Ureña Biblioteca Pública Metropolitana Salomé Ureña 09/06/2016 Fundación Germán Sánchez Ruipérez   BPMSU16090219 09/06/2016 09/06/2016 Libros